Loading...
| History - Other History | 0 | 4 | 0 | 1 | 40 | 68 | 128.75 | 0 | 1 |
| History - American History | 0 | 2 | 0 | 1 | 20 | 84 | 116.50 | 1 | 1 |
| History - European History | 0 | 2 | 0 | 1 | 20 | 100 | 123.50 | 0 | 0 |
| History - World History | 0 | 2 | 0 | 0 | 20 | 111 | 116.50 | 0 | 0 |
| Social Science | 0 | 1 | 0 | 0 | 10 | 129 | 129.00 | 0 | 0 |
| Fine Arts - Other Fine Arts | 0 | 1 | 0 | 0 | 10 | 129 | 129.00 | 0 | 0 |
| Fine Arts - Painting & Sculpture | 0 | 1 | 0 | 0 | 10 | 145 | 145.00 | 0 | 0 |
| Philosophy | 0 | 1 | 0 | 0 | 10 | 120 | 120.00 | 0 | 0 |
| Religion | 0 | 1 | 0 | 1 | 10 | 147 | 147.00 | 0 | 0 |
| Science - Biology | 0 | 1 | 0 | 1 | 10 | 133 | 133.00 | 0 | 0 |
| Current Events | 0 | 1 | 0 | 1 | 10 | 128 | 128.00 | 0 | 0 |
| Literature - World Literature | 0 | 1 | 0 | 1 | 10 | 152 | 152.00 | 0 | 0 |
| Geography | 0 | 1 | 1 | 1 | 5 | 153 | 153.00 | 0 | 0 |
| Mythology | 0 | 0 | 0 | 0 | 0 | 0.00 | 0 | 0 | |
| Science - Chemistry | 0 | 0 | 1 | 0 | -5 | 0.00 | 0 | 0 | |
| Other Academic | 0 | 0 | 1 | 0 | -5 | 0.00 | 0 | 0 |